00413nam a2200145Ia 4500008004100000020001800041041000800059082001300067100002000080245004200100250001400142260004500156300001900201700004700220220530s9999 xx 000 0 und d a9780199699230 aeng a821bCAR aCarmichael, Jan aLeadership and Management Development a1 Edition aNew YorkbOxford University Pressc2011 aXVI; 399P.bPB a Haydon, Jon Collins, Chris Emsell, Peter